Normal view
MARC view
- CTTRELL, ALAN
Entry Personal Name
001 - CONTROL NUMBER
- control field: 74242
003 - CONTROL NUMBER IDENTIFIER
- control field: NUST
005 - DATE AND TIME OF LATEST TRANSACTION
- control field: 20210628205151.0
008 - FIXED-LENGTH DATA ELEMENTS
- fixed length control field: 210628|| aca||aabn | a|a d
040 ## - CATALOGING SOURCE
- Original cataloging agency: NUST
- Transcribing agency: NUST
100 ## - HEADING--PERSONAL NAME
- Personal name: CTTRELL, ALAN
670 ## - SOURCE DATA FOUND
- Source citation: Work cat.: (NUST): CTTRELL, ALAN, AN INTRODUCTION TO METALLURGY , 1975
